Identify the Indian Cities by their Landmarks - Statistics

General Stats
  • This quiz has been taken 14 times
  • The average score is 6 of 12
Answer Stats
Picture Answer % Correct
Mumbai
92%
Agra
85%
Chennai
77%
New Delhi
77%
Hyderabad
62%
Jaipur
62%
Bengaluru
46%
Goa
46%
Varanasi
46%
Thiruvananthapuram
23%
Gujarat
15%
Punjab
15%
No matching quizzes found
Score Distribution
Percent of People with Each Score
Percentile by Number Answered
Your Score History
You have not taken this quiz